Statistics for NFL Team Names by Clue

Click here to take the quiz!

General Stats

  • This quiz has been taken 62,846 times
  • The average score is 19 of 32

Answer Stats

ClueAnswer% Correct
Kings of the jungleLions
88%
TigersBengals
86%
Gold prospectors49ers
83%
AirplanesJets
78%
Huge peopleGiants
75%
Stock market pessimistsBears
74%
Wild horsesBroncos
72%
Vatican bigshotsCardinals
68%
Bald, golden, etc...Eagles
68%
Big cats of South AmericaJaguars
64%
Cattle ropersCowboys
63%
ColorBrowns
63%
Young male horsesColts
63%
Lara Croft, for exampleRaiders
63%
Porpoise relativesDolphins
63%
Native American leadersChiefs
62%
Pirates of the CaribbeanBuccaneers
62%
Poem by PoeRavens
61%
Male sheepRams
61%
NorsemenVikings
56%
Canonized peopleSaints
54%
Pieces of paper moneyBills
54%
Country loversPatriots
54%
No longer have oneFootball Team
54%
Mill workersSteelers
49%
People from a certain stateTexans
47%
Meat processorsPackers
46%
Prometheus, Cronus, and palsTitans
43%
PeregrinesFalcons
42%
OspreysSeahawks
39%
Jousting horsesChargers
28%
Inspector ClouseauPanthers
26%

Score Distribution

Percentile by Number Answered

Percent of People with Each Score

Your Score History

You have not taken this quiz